[Event "DVM U16 2013"]
[Site "Lingen (Ems) GER"]
[Date "2013.12.28"]
[Round "3"]
[White "Kreyssig, Bruno"]
[Black "van Klev, Fabian"]
[Result "0-1"]
[Termination "normal"]
[Board "3.3"]
[WhiteElo "1837"]
[BlackElo "1748"]
[WhiteTeam "Schachgemeinschaft Leipzig"]
[BlackTeam "SF Dortmund-Brackel 1930"]
[WhiteFideId "4692489"]
[BlackFideId "12964255"]
[EventCountry "GER"]
[EventRounds "7"]
[EventType "team-swiss"]
[EventDate "2013.12.26"]

1. e4 d6 2. d4 Nf6 3. Nc3 g6 4. Be3 c6 5. Qd2 b5 6. f3 Nbd7 7. O-O-O Nb6 8. Kb1
b4 9. Nce2 a5 10. Nc1 Rb8 11. g4 h5 12. g5 Nfd7 13. f4 Na4 14. Nb3 Ndb6 15. Bd3
Bg7 16. f5 gxf5 17. exf5 Bxf5 18. Bxf5 Nxb2 19. Rf1 N2c4 20. Qf2 Nd5 21. Bc1
Nc3+ 22. Ka1 Rf8 23. g6 Qb6 24. gxf7+ Kd8 25. Bg5 a4 26. Bxe7+ Kxe7 27. Qh4+
Bf6 28. Re1+ Ne5 29. Qf4 Nd5 30. Qg3 axb3 31. Nf3 Qa5 32. cxb3 Nc3 33. Qf2 Ra8
34. Bb1 Rxf7 35. dxe5 dxe5 36. Nd4 e4 37. Nxc6+ Kf8 38. Qxf6 Qxa2+ 39. Bxa2
Rxa2# 0-1

[Event "DVM U16 2013"]
[Site "Lingen (Ems) GER"]
[Date "2013.12.28"]
[Round "3"]
[White "Trümper, Michael"]
[Black "Waschischeck, Tom"]
[Result "0-1"]
[Termination "normal"]
[Board "3.4"]
[WhiteElo "1814"]
[BlackElo "1718"]
[WhiteTeam "SF Dortmund-Brackel 1930"]
[BlackTeam "Schachgemeinschaft Leipzig"]
[WhiteFideId "12946095"]
[BlackFideId "12931780"]
[EventCountry "GER"]
[EventRounds "7"]
[EventType "team-swiss"]
[EventDate "2013.12.26"]

1. d4 Nf6 2. Bg5 d5 3. Bxf6 exf6 4. e3 Bf5 5. Nd2 c6 6. Ne2 Qb6 7. b3 Na6 8. c3
Bd6 9. Qc1 O-O 10. Ng3 Bg6 11. Be2 Qc7 12. O-O Rfe8 13. Re1 f5 14. Ngf1 f4 15.
Nf3 fxe3 16. Nxe3 Bf4 17. g3 Bxe3 18. fxe3 f6 19. Bxa6 bxa6 20. c4 Rac8 21. Qd2
Qb6 22. Rac1 Rc7 23. Nh4 Be4 24. Ng2 dxc4 25. Rxc4 Bd5 26. Rc5 g5 27. Rf1 Kg7
28. Qe2 Rce7 29. Qf2 Re6 30. Re1 Qb4 31. Rcc1 a5 32. Rf1 a4 33. bxa4 Qxa4 34.
Rb1 R8e7 35. Ne1 Bc4 36. Nc2 Bxf1 37. Rxf1 Qxa2 38. Qf5 Qd5 39. Qf2 a5 40. h4
h6 41. g4 Qe4 42. Qe2 Rb7 43. Qa6 Qxg4+ 0-1

[Event "DVM U16 2013"]
[Site "Lingen (Ems) GER"]
[Date "2013.12.28"]
[Round "3"]
[White "Imcke, Patrick"]
[Black "Koop, Thorben"]
[Result "0-1"]
[Termination "normal"]
[Board "4.1"]
[WhiteElo "2014"]
[BlackElo "2232"]
[WhiteTeam "SF Katernberg"]
[BlackTeam "SV Lingen"]
[WhiteFideId "4622502"]
[BlackFideId "24661619"]
[EventCountry "GER"]
[EventRounds "7"]
[EventType "team-swiss"]
[EventDate "2013.12.26"]

1. e4 c5 2. Nc3 Nc6 3. Nf3 d6 4. d4 cxd4 5. Nxd4 e5 6. Ndb5 a6 7. Na3 Be6 8.
Nc4 Rb8 9. Nd5 Bxd5 10. exd5 Nce7 11. g3 Qc7 12. b3 b5 13. Ne3 g6 14. Bb2 Bg7
15. Bg2 Nh6 16. O-O O-O 17. c4 Nhf5 18. Nxf5 Nxf5 19. Qd2 bxc4 20. Rfc1 Bh6 21.
Qe1 Bxc1 22. Rxc1 Rfc8 23. Rxc4 Qb6 24. Bf1 Rc5 25. Ra4 Rb5 26. Rxa6 Qc7 27.
Bg2 Rc5 28. Ba3 Qc8 29. Ra4 Rc2 30. g4 Nd4 31. Bxd6 Rc1 0-1

[Event "DVM U16 2013"]
[Site "Lingen (Ems) GER"]
[Date "2013.12.28"]
[Round "3"]
[White "Oehne, Timo"]
[Black "Kennemann, Henrik Jan"]
[Result "1-0"]
[Termination "normal"]
[Board "4.2"]
[WhiteElo "2019"]
[BlackElo "1637"]
[WhiteTeam "SV Lingen"]
[BlackTeam "SF Katernberg"]
[WhiteFideId "24661635"]
[BlackFideId "1271856"]
[EventCountry "GER"]
[EventRounds "7"]
[EventType "team-swiss"]
[EventDate "2013.12.26"]

1. Nf3 c5 2. e3 Nc6 3. c4 e5 4. Nc3 Nf6 5. d3 g6 6. Be2 Bg7 7. O-O O-O 8. Rb1
a5 9. Qb3 d6 10. a3 Rb8 11. Rd1 Ne8 12. Nd5 f5 13. Qb6 h6 14. Qxd8 Nxd8 15. b4
axb4 16. axb4 Ne6 17. bxc5 Nxc5 18. Ne7+ Kh7 19. Nxc8 Rxc8 20. d4 e4 21. Ne1
Na4 22. Bd2 Rf7 23. Rb4 Ra8 24. Rdb1 b6 25. Bd1 Rfa7 26. Ra1 1-0

[Event "DVM U16 2013"]
[Site "Lingen (Ems) GER"]
[Date "2013.12.28"]
[Round "3"]
[White "Döpper, Anna Berenice"]
[Black "Bach, Jannik"]
[Result "0-1"]
[Termination "normal"]
[Board "4.3"]
[WhiteElo "1510"]
[BlackElo "1869"]
[WhiteTeam "SF Katernberg"]
[BlackTeam "SV Lingen"]
[WhiteFideId "1271853"]
[BlackFideId "24615900"]
[EventCountry "GER"]
[EventRounds "7"]
[EventType "team-swiss"]
[EventDate "2013.12.26"]

1. e4 c6 2. d4 d5 3. exd5 cxd5 4. c4 Nf6 5. Nc3 e6 6. Nf3 Bb4 7. cxd5 Nxd5 8.
Bd2 Nc6 9. Bd3 Be7 10. O-O Bf6 11. Be3 O-O 12. a3 h6 13. Qc2 Nce7 14. Be4 a6
15. Na4 b6 16. Rac1 Bb7 17. Nc3 Rc8 18. Qd3 Qd6 19. Nb1 Rxc1 20. Rxc1 Rc8 21.
Rxc8+ Nxc8 22. Nbd2 Nce7 23. Nc4 Qc7 24. Bd2 a5 25. Nce5 Qc8 26. Bh7+ Kf8 27.
Qb5 Bc6 28. Nxc6 Qxc6 29. Qxc6 Nxc6 30. Be4 Nxd4 31. Nxd4 Bxd4 32. Bc1 Ke7 33.
Kf1 Kd6 34. Ke2 Kc5 35. Bd3 Be5 36. h3 Bf4 37. Bd2 Bxd2 38. Kxd2 Kd4 39. g3 e5
40. f3 Nf6 41. Bc2 e4 42. fxe4 Nxe4+ 43. Bxe4 Kxe4 44. Ke2 a4 0-1

[Event "DVM U16 2013"]
[Site "Lingen (Ems) GER"]
[Date "2013.12.28"]
[Round "3"]
[White "Greiving, Felix"]
[Black "Marvani, Arman"]
[Result "1-0"]
[Termination "normal"]
[Board "4.4"]
[WhiteElo "1740"]
[BlackElo "1457"]
[WhiteTeam "SV Lingen"]
[BlackTeam "SF Katernberg"]
[WhiteFideId "12967548"]
[BlackFideId "12936731"]
[EventCountry "GER"]
[EventRounds "7"]
[EventType "team-swiss"]
[EventDate "2013.12.26"]

1. Nf3 Nf6 2. g3 c5 3. Bg2 d5 4. O-O Nc6 5. d4 cxd4 6. Nxd4 e5 7. Nxc6 bxc6 8.
c4 Qa5 9. Nc3 Be6 10. Bg5 Rd8 11. Qb3 Be7 12. cxd5 cxd5 13. Qb5+ Qxb5 14. Nxb5
Rd7 15. Rfc1 O-O 16. Nc7 Rfd8 17. Nxe6 fxe6 18. Rc6 Kf7 19. Bh3 Rd6 20. Rac1 h6
21. Bd2 e4 22. Bf4 Rxc6 23. Rxc6 g5 24. Bxe6+ Kf8 25. Be5 Kg7 26. e3 Kg6 27. a3
h5 28. h3 Kg7 29. Rc7 Kf8 30. Rxa7 Ne8 31. Rd7 Nd6 32. Rxd8+ Bxd8 33. Bxd6+ 1-0

[Event "DVM U16 2013"]
[Site "Lingen (Ems) GER"]
[Date "2013.12.28"]
[Round "3"]
[White "Eichstaedt, Mirko"]
[Black "Schulz, Lukas"]
[Result "1-0"]
[Termination "normal"]
[Board "5.1"]
[WhiteElo "1939"]
[BlackElo "1923"]
[WhiteTeam "USV Potsdam"]
[BlackTeam "SC Höchstadt"]
[WhiteFideId "24692310"]
[BlackFideId "12924881"]
[EventCountry "GER"]
[EventRounds "7"]
[EventType "team-swiss"]
[EventDate "2013.12.26"]

1. d4 c5 2. d5 e5 3. c4 d6 4. Nc3 Ne7 5. g3 Ng6 6. h4 Be7 7. Bh3 Na6 8. Qa4+
Bd7 9. Bxd7+ Qxd7 10. Qxd7+ Kxd7 11. h5 Nf8 12. g4 h6 13. Nf3 Nh7 14. Bd2 Nc7
15. O-O-O Rhb8 16. Rdg1 b5 17. g5 Nxg5 18. Bxg5 hxg5 19. Nxg5 Bxg5+ 20. Rxg5
bxc4 21. Rxg7 Ke7 22. h6 Rh8 23. h7 Raf8 24. Rh6 Ne8 25. Rg4 Nf6 26. Rxc4 Rxh7
27. Rxh7 Nxh7 28. Ra4 Ra8 29. Ra6 Nf6 30. e4 Ng4 31. f3 Nh2 32. Nb5 Nxf3 33.
Nxd6 Ng5 34. Kc2 Kd7 35. Kd3 Rb8 36. Nc4 Kd8 37. Rxa7 f6 38. b3 Ke8 39. Ra5 Kd7
40. Ra7+ Ke8 41. Ra5 Kd7 42. Rxc5 Rh8 43. Nb6+ Kd6 44. Rc6+ Ke7 45. d6+ Kf7 46.
Rc7+ Ke6 47. d7 Nf7 48. Rc6+ Ke7 49. Nd5+ Kxd7 50. Rc7+ 1-0

[Event "DVM U16 2013"]
[Site "Lingen (Ems) GER"]
[Date "2013.12.28"]
[Round "3"]
[White "Koch, Christian"]
[Black "Cech, Tim"]
[Result "1/2-1/2"]
[Termination "normal"]
[Board "5.2"]
[WhiteElo "1834"]
[BlackElo "1805"]
[WhiteTeam "SC Höchstadt"]
[BlackTeam "USV Potsdam"]
[WhiteFideId "1272124"]
[BlackFideId "1270258"]
[EventCountry "GER"]
[EventRounds "7"]
[EventType "team-swiss"]
[EventDate "2013.12.26"]

1. e4 e6 2. Nc3 d5 3. g3 c5 4. Bg2 d4 5. Nce2 Nc6 6. d3 Bd6 7. f4 Nge7 8. Nf3
O-O 9. O-O f5 10. e5 Bc7 11. c3 Rb8 12. cxd4 cxd4 13. b3 b5 14. Bb2 Bb6 15. Kh1
Bb7 16. Qe1 Qd7 17. Qf2 Rfd8 18. a3 a5 19. h3 h6 20. Rg1 Nd5 1/2-1/2

[Event "DVM U16 2013"]
[Site "Lingen (Ems) GER"]
[Date "2013.12.28"]
[Round "3"]
[White "Werthmann, Nils"]
[Black "Mönius, Alexander"]
[Result "1-0"]
[Termination "normal"]
[Board "5.3"]
[WhiteElo "1765"]
[BlackElo "1727"]
[WhiteTeam "USV Potsdam"]
[BlackTeam "SC Höchstadt"]
[WhiteFideId "1270257"]
[BlackFideId "12949795"]
[EventCountry "GER"]
[EventRounds "7"]
[EventType "team-swiss"]
[EventDate "2013.12.26"]

1. e4 c6 2. d4 d5 3. Nc3 dxe4 4. Nxe4 Bf5 5. Ng3 Bg6 6. N1e2 h6 7. Nf4 Bh7 8.
Bc4 Nf6 9. O-O Nd5 10. Qh5 g6 11. Qf3 e6 12. Re1 Be7 13. Nxd5 cxd5 14. Bb5+ Nc6
15. Bxh6 Qb6 16. Bxc6+ bxc6 17. Bg7 Rg8 18. Bf6 Rb8 19. Bxe7 Kxe7 20. Qa3+ Kd7
21. c4 Qxd4 22. Ne4 Rxb2 23. Rad1 Qb6 24. Nf6+ Kc8 25. c5 Qb8 26. Nxg8 Bxg8 27.
Qa6+ Kd7 28. Re3 Rb5 29. Rc1 Qb7 30. Ra3 Qxa6 31. Rxa6 Rb7 32. h4 e5 33. g4 f6
34. h5 gxh5 35. gxh5 d4 36. f3 Bd5 37. Kf2 Ke8 38. h6 Kf8 39. Rg1 e4 40. fxe4
Bxe4 41. Ra4 Rd7 42. Rd1 Bc2 43. Raxd4 Rh7 44. Rd8+ Kf7 45. R1d7+ Kg6 46. Rxh7
Kxh7 47. Rd6 Kxh6 48. Rxf6+ Kg5 49. Rxc6 Kf5 50. Ra6 Ke5 51. Rxa7 Kd5 52. Ke3
Bf5 53. Rc7 Bg6 54. a4 Be8 55. a5 Bc6 56. a6 Kxc5 57. a7 Kb6 58. Rxc6+ 1-0

[Event "DVM U16 2013"]
[Site "Lingen (Ems) GER"]
[Date "2013.12.28"]
[Round "3"]
[White "Mönius, Oliver"]
[Black "Ender, Paul Marius"]
[Result "1/2-1/2"]
[Termination "normal"]
[Board "5.4"]
[WhiteElo "1400"]
[BlackElo "1565"]
[WhiteTeam "SC Höchstadt"]
[BlackTeam "USV Potsdam"]
[WhiteFideId "12949906"]
[BlackFideId "12936545"]
[EventCountry "GER"]
[EventRounds "7"]
[EventType "team-swiss"]
[EventDate "2013.12.26"]

1. d4 Nf6 2. c4 d6 3. Nc3 g6 4. e4 Bg7 5. f3 Nbd7 6. Be3 b6 7. Qd2 Bb7 8. O-O-O
c6 9. g4 h6 10. h4 a6 11. Nh3 b5 12. g5 hxg5 13. Nxg5 Nh5 14. Rg1 b4 15. Nb1 a5
16. Bh3 O-O 17. Qg2 Bh6 18. Nxf7 Bxe3+ 19. Kc2 Rxf7 20. Qxg6+ Ng7 21. Be6 Qf8
22. Rg2 Bc8 23. Kd3 Bf4 24. Rdg1 Be5 25. Bxf7+ Qxf7 26. Qxf7+ Kxf7 27. dxe5
Nxe5+ 28. Kc2 Ne6 29. Nd2 Ba6 30. b3 Rh8 1/2-1/2

[Event "DVM U16 2013"]
[Site "Lingen (Ems) GER"]
[Date "2013.12.28"]
[Round "3"]
[White "Werner, Justus"]
[Black "Spät, Alexander"]
[Result "0-1"]
[Termination "normal"]
[Board "6.1"]
[WhiteElo "1794"]
[BlackElo "1973"]
[WhiteTeam "SG Blau-Weiß Stadtilm"]
[BlackTeam "Königsspringer Hamburg"]
[WhiteFideId "12941107"]
[BlackFideId "24687693"]
[EventCountry "GER"]
[EventRounds "7"]
[EventType "team-swiss"]
[EventDate "2013.12.26"]

1. c4 e5 2. Nc3 Nf6 3. g3 c6 4. d4 exd4 5. Qxd4 d5 6. cxd5 cxd5 7. Nf3 Nc6 8.
Qa4 d4 9. Nb5 Bc5 10. Bf4 O-O 11. Rd1 Nd5 12. Nbxd4 Nxf4 13. Nxc6 Qb6 14. Ncd4
Bb4+ 15. Nd2 Qxd4 16. gxf4 Bxd2+ 0-1

[Event "DVM U16 2013"]
[Site "Lingen (Ems) GER"]
[Date "2013.12.28"]
[Round "3"]
[White "Pfreundt, Jakob"]
[Black "Schmidt, Daniel"]
[Result "1-0"]
[Termination "normal"]
[Board "6.2"]
[WhiteElo "1906"]
[BlackElo "1816"]
[WhiteTeam "Königsspringer Hamburg"]
[BlackTeam "SG Blau-Weiß Stadtilm"]
[WhiteFideId "12918156"]
[BlackFideId "12957950"]
[EventCountry "GER"]
[EventRounds "7"]
[EventType "team-swiss"]
[EventDate "2013.12.26"]

1. d4 d5 2. c4 e6 3. Nc3 Nf6 4. cxd5 exd5 5. Bg5 Nbd7 6. e3 Be7 7. Bd3 O-O 8.
Nge2 c6 9. O-O Re8 10. f3 Nf8 11. Qc2 h6 12. Bh4 Bd7 13. Rad1 Rc8 14. e4 dxe4
15. fxe4 c5 16. dxc5 Bxc5+ 17. Kh1 Be7 18. h3 Ng6 19. Bg3 Bc5 20. Bb5 a6 21.
Bxd7 Nxd7 22. Qb3 Qe7 23. Qxb7 Nf6 24. Qxe7 Rxe7 25. Bd6 Bxd6 26. Rxd6 Nxe4 27.
Rxa6 Nxc3 28. Nxc3 Rb7 29. Rf2 Ne5 30. Nd5 Nd3 31. Rd2 Nxb2 32. Kh2 Rcb8 33.
Rd4 Kf8 34. Rd6 Ra7 35. Rb4 Raa8 36. Nb6 Rxa2 37. Rd2 Ke7 38. Nd5+ 1-0

[Event "DVM U16 2013"]
[Site "Lingen (Ems) GER"]
[Date "2013.12.28"]
[Round "3"]
[White "Mann, Jonas"]
[Black "Lemke, Berfin"]
[Result "1/2-1/2"]
[Termination "normal"]
[Board "6.3"]
[WhiteElo "1771"]
[BlackElo "1609"]
[WhiteTeam "SG Blau-Weiß Stadtilm"]
[BlackTeam "Königsspringer Hamburg"]
[WhiteFideId "12900214"]
[BlackFideId "1270578"]
[EventCountry "GER"]
[EventRounds "7"]
[EventType "team-swiss"]
[EventDate "2013.12.26"]

1. c4 e5 2. Nc3 Nc6 3. g3 Bc5 4. Bg2 a6 5. e3 d6 6. Nge2 Ba7 7. O-O h5 8. d4 h4
9. dxe5 Nxe5 10. Nd4 hxg3 11. fxg3 Nf6 12. Nd5 Nxd5 13. Bxd5 c6 14. Bg2 O-O 15.
b3 Bg4 16. Qc2 Qg5 17. h3 Bd7 18. Kh2 Qh5 19. Nf5 Bxf5 20. Rxf5 Qg6 21. Be4 Qh6
22. Rf4 Ng6 23. Rg4 Rfe8 24. Bxg6 fxg6 25. e4 Be3 26. Bb2 Rf8 27. Rh4 Qg5 28.
Qc3 Rf2+ 29. Kh1 Rf7 30. Rg4 Qh6 31. Rh4 1/2-1/2

[Event "DVM U16 2013"]
[Site "Lingen (Ems) GER"]
[Date "2013.12.28"]
[Round "3"]
[White "Samm, Bastian"]
[Black "Dittrich, Tom"]
[Result "0-1"]
[Termination "normal"]
[Board "6.4"]
[WhiteElo "1200"]
[BlackElo "1666"]
[WhiteTeam "Königsspringer Hamburg"]
[BlackTeam "SG Blau-Weiß Stadtilm"]
[WhiteFideId "12969885"]
[BlackFideId "12923532"]
[EventCountry "GER"]
[EventRounds "7"]
[EventType "team-swiss"]
[EventDate "2013.12.26"]

1. e4 c5 2. a3 d6 3. Bc4 e6 4. Nc3 Ne7 5. Ba2 Nbc6 6. d3 g6 7. Nge2 d5 8. Bg5
d4 9. Bf6 Rg8 10. Nb1 Qb6 11. Nd2 Bd7 12. Nc4 Qc7 13. Ng3 Bg7 14. Qf3 Bxf6 15.
Qxf6 Rf8 16. e5 O-O-O 17. Nd6+ Kb8 18. O-O Nc8 19. Nge4 Be8 20. Nxc8 Rxc8 21.
Bxe6 Rd8 22. Bb3 Nxe5 23. Nxc5 Ng4 24. Qh4 h5 25. Qg3 Qxg3 26. hxg3 g5 27. Ne4
f6 28. Rfe1 Bg6 29. Nc5 Rh8 30. Re7 h4 31. gxh4 Rxh4 32. Rxb7+ Ka8 33. g3 Rh2
34. f3 Rdh8 35. fxg4 Rh1+ 36. Kg2 R8h2+ 37. Kf3 Rxa1 0-1

[Event "DVM U16 2013"]
[Site "Lingen (Ems) GER"]
[Date "2013.12.28"]
[Round "3"]
[White "Pixa, Richard"]
[Black "Oberhofer, Cédric"]
[Result "1/2-1/2"]
[Termination "normal"]
[Board "7.1"]
[WhiteElo "1958"]
[BlackElo "1911"]
[WhiteTeam "Treptower SV 1949"]
[BlackTeam "SC Bavaria Regensburg"]
[WhiteFideId "4626095"]
[BlackFideId "12941220"]
[EventCountry "GER"]
[EventRounds "7"]
[EventType "team-swiss"]
[EventDate "2013.12.26"]

1. e4 c5 2. Nf3 d6 3. d4 cxd4 4. Qxd4 Nc6 5. Bb5 Bd7 6. Bxc6 Bxc6 7. Nc3 Nf6 8.
Bg5 e6 9. O-O-O Be7 10. Qd3 O-O 11. Nd4 Qa5 12. h4 Rac8 13. f4 Rfd8 14. f5 e5
15. Nb3 Qc7 16. Bxf6 Bxf6 17. Rd2 a6 18. g4 b5 19. g5 Be7 20. Rg1 a5 21. f6 Bf8
22. fxg7 Bxg7 23. Nd5 Bxd5 24. Qxd5 a4 25. Na1 a3 26. Rf1 axb2+ 27. Kxb2 Qc3+
28. Kb1 Rc7 29. Rdf2 Qc5 30. Rd2 Qe3 31. Nb3 Qa7 32. h5 Qb7 33. Rfd1 Bf8 34.
Qxb7 Rxb7 35. Rd5 Ra8 1/2-1/2

[Event "DVM U16 2013"]
[Site "Lingen (Ems) GER"]
[Date "2013.12.28"]
[Round "3"]
[White "Rösl, Martin"]
[Black "Klodt, Daniel"]
[Result "1/2-1/2"]
[Termination "normal"]
[Board "7.2"]
[WhiteElo "1536"]
[BlackElo "1631"]
[WhiteTeam "SC Bavaria Regensburg"]
[BlackTeam "Treptower SV 1949"]
[WhiteFideId "12983098"]
[BlackFideId "12938068"]
[EventCountry "GER"]
[EventRounds "7"]
[EventType "team-swiss"]
[EventDate "2013.12.26"]

1. e4 e6 2. d4 d5 3. e5 c5 4. c3 Nc6 5. Nf3 Qb6 6. a3 c4 7. Nbd2 Na5 8. g3 Bd7
9. Bh3 Ne7 10. O-O Ng6 11. Re1 Be7 12. Kh1 h5 13. Rg1 O-O-O 14. Qf1 Rdg8 15.
Bg2 h4 16. Nxh4 Bxh4 17. gxh4 Nxh4 18. Nf3 Nb3 19. Rb1 Nxc1 20. Qxc1 Ba4 21.
Nxh4 Rxh4 22. Bf3 Rgh8 23. Rg2 R8h7 24. Bd1 Bb3 25. Bxb3 Qxb3 26. Qd1 Qxd1+ 27.
Rxd1 a5 28. Re1 a4 29. Re3 Kd7 30. Reg3 g6 31. Rg4 Rh3 32. R4g3 1/2-1/2

[Event "DVM U16 2013"]
[Site "Lingen (Ems) GER"]
[Date "2013.12.28"]
[Round "3"]
[White "Hesse, Henrik"]
[Black "Oberhofer, Marie"]
[Result "1/2-1/2"]
[Termination "normal"]
[Board "7.3"]
[WhiteElo "1701"]
[BlackElo "1542"]
[WhiteTeam "Treptower SV 1949"]
[BlackTeam "SC Bavaria Regensburg"]
[WhiteFideId "12952060"]
[BlackFideId "12938165"]
[EventCountry "GER"]
[EventRounds "7"]
[EventType "team-swiss"]
[EventDate "2013.12.26"]

1. c4 e5 2. Nc3 Nf6 3. d3 d5 4. cxd5 Nxd5 5. Bd2 Be7 6. Nf3 Nc6 7. g3 O-O 8.
Bg2 Be6 9. O-O Nb6 10. Rc1 Qd7 11. Re1 Bh3 12. Bh1 h5 13. Ne4 f6 14. Nh4 g5 15.
Ng6 Rf7 16. Nxe7+ Qxe7 17. Bg2 Bxg2 18. Kxg2 Rh7 19. Be3 Nd5 20. Qb3 Rd8 21.
Bc5 Qe6 22. Nc3 Kf7 23. Nxd5 Qxd5+ 24. Qxd5+ Rxd5 25. b4 Ke6 26. Red1 Rhd7 27.
Rc3 e4 28. h3 exd3 29. exd3 Nd4 30. Re1+ Kf7 31. a4 b6 32. Bxd4 Rxd4 33. Rec1
Rxb4 34. Rxc7 Rbd4 35. Rxd7+ Rxd7 36. d4 Kg6 37. Rd1 Kf5 38. Kf3 Rd5 39. Ke3
Ra5 40. d5 Rc5 41. d6 Rc8 42. a5 Rd8 43. axb6 axb6 44. d7 Ke6 45. Rb1 Rxd7 46.
Rxb6+ 1/2-1/2

[Event "DVM U16 2013"]
[Site "Lingen (Ems) GER"]
[Date "2013.12.28"]
[Round "3"]
[White "Brüll, Elias"]
[Black "Klodt, Nicolas"]
[Result "1/2-1/2"]
[Termination "normal"]
[Board "7.4"]
[WhiteElo "1542"]
[BlackElo "1616"]
[WhiteTeam "SC Bavaria Regensburg"]
[BlackTeam "Treptower SV 1949"]
[WhiteFideId "12964921"]
[BlackFideId "12910490"]
[EventCountry "GER"]
[EventRounds "7"]
[EventType "team-swiss"]
[EventDate "2013.12.26"]

1. e4 e5 2. Nf3 Nc6 3. Bb5 a6 4. Ba4 Nf6 5. O-O d6 6. Re1 Bg4 7. Bxc6+ bxc6 8.
d3 Be7 9. Nbd2 O-O 10. b3 Re8 11. Bb2 Nd7 12. Nc4 Bf6 13. Ne3 Bh5 14. Nf5 d5
15. Ng3 Bg6 16. Qd2 d4 17. Rac1 Be7 18. c3 c5 19. Rc2 a5 20. Rec1 Ra7 21. Qe2
f6 22. Nh4 Nf8 23. Nxg6 Nxg6 24. Nf5 Bf8 25. g3 Ne7 26. Qg4 Nxf5 27. Qxf5 Bd6
28. Rb1 Qb8 29. Bc1 Qb5 30. c4 Qb8 31. Rcb2 Rb7 32. a4 c6 33. Bd2 Ra7 34. Qg4
Kh8 35. h4 Qc8 36. Qxc8 Rxc8 37. Kg2 Rf8 38. g4 g6 39. f3 f5 40. Rf1 f4 41. Kh3
h5 42. g5 1/2-1/2

[Event "DVM U16 2013"]
[Site "Lingen (Ems) GER"]
[Date "2013.12.28"]
[Round "3"]
[White "Grimm, Julius"]
[Black "Walter, Kevin"]
[Result "1/2-1/2"]
[Termination "normal"]
[Board "8.1"]
[WhiteElo "1944"]
[BlackElo "1976"]
[WhiteTeam "Schachforum Darmstadt"]
[BlackTeam "SK Sontheim/Brenz"]
[WhiteFideId "12916986"]
[BlackFideId "12906654"]
[EventCountry "GER"]
[EventRounds "7"]
[EventType "team-swiss"]
[EventDate "2013.12.26"]

1. d4 Nf6 2. c4 g6 3. Nc3 d5 4. Nf3 Bg7 5. Qb3 dxc4 6. Qxc4 a6 7. e4 b5 8. Qb3
c5 9. dxc5 Nc6 10. Be3 Be6 11. Qc2 O-O 12. Be2 Ng4 13. Bf4 Nd4 14. Nxd4 Qxd4
15. Nd1 Rac8 16. Rc1 Ne5 17. Be3 Qb4+ 18. Bd2 Qd4 19. Be3 Qb4+ 20. Bd2 Qd4 21.
Be3 1/2-1/2

[Event "DVM U16 2013"]
[Site "Lingen (Ems) GER"]
[Date "2013.12.28"]
[Round "3"]
[White "Romes, Max"]
[Black "Nothnagel, Marian Can"]
[Result "1/2-1/2"]
[Termination "normal"]
[Board "8.2"]
[WhiteElo "1922"]
[BlackElo "1779"]
[WhiteTeam "SK Sontheim/Brenz"]
[BlackTeam "Schachforum Darmstadt"]
[WhiteFideId "12928968"]
[BlackFideId "12921530"]
[EventCountry "GER"]
[EventRounds "7"]
[EventType "team-swiss"]
[EventDate "2013.12.26"]

1. e4 e5 2. Nf3 d6 3. d4 exd4 4. Nxd4 Nf6 5. Nc3 Be7 6. Bf4 O-O 7. Qd2 a6 8. f3
b5 9. g4 c5 10. Nf5 Bxf5 11. gxf5 Nc6 12. Rg1 Nd4 13. Qg2 g6 14. O-O-O b4 15.
Ne2 Nb5 16. Ng3 Kh8 17. Bc4 Qa5 18. fxg6 fxg6 19. Nf5 Nh5 20. Bh6 Bf6 21. Nxd6
b3 22. Bxb3 Nxd6 23. Rxd6 c4 24. Rd5 Qb6 25. Rxh5 cxb3 26. axb3 Qd4 27. Bxf8
Qxb2+ 28. Kd1 Rd8+ 29. Rd5 Rxd5+ 30. exd5 Qd4+ 31. Ke2 Qe5+ 32. Kf1 Qa1+ 33.
Kf2 Qd4+ 34. Ke2 Qe5+ 35. Kf1 1/2-1/2

[Event "DVM U16 2013"]
[Site "Lingen (Ems) GER"]
[Date "2013.12.28"]
[Round "3"]
[White "Tampe, Alexander"]
[Black "Walter, Daniel"]
[Result "1-0"]
[Termination "normal"]
[Board "8.3"]
[WhiteElo "1712"]
[BlackElo "1271"]
[WhiteTeam "Schachforum Darmstadt"]
[BlackTeam "SK Sontheim/Brenz"]
[WhiteFideId "12921572"]
[BlackFideId "12983110"]
[EventCountry "GER"]
[EventRounds "7"]
[EventType "team-swiss"]
[EventDate "2013.12.26"]

1. e4 Nf6 2. e5 Nd5 3. d4 d6 4. Nf3 Nb6 5. Be2 Nc6 6. O-O g6 7. Be3 Bg7 8. Nc3
dxe5 9. dxe5 Bf5 10. Nb5 Qxd1 11. Raxd1 Rc8 12. c3 Be6 13. b3 Nxe5 14. Nxa7
Nxf3+ 15. Bxf3 Rb8 16. Nb5 Be5 17. Bd4 Bxd4 18. Rxd4 Na8 19. Rfd1 O-O 20. c4 c6
21. Nc3 Nc7 22. Ne4 Na6 23. a3 c5 24. R4d2 h6 25. Nc3 b6 26. Nb5 Rfc8 27. Na7
Re8 28. Bc6 Rf8 29. Nb5 Bf5 30. f3 h5 31. h3 Rfc8 32. Bd7 Rd8 33. g4 Bxd7 34.
Rxd7 Rxd7 35. Rxd7 Kf8 36. Ra7 Rd8 37. Rxa6 Rd3 38. gxh5 gxh5 39. Rxb6 f6 40.
Rc6 Rxf3 41. Kg2 Rxb3 42. Rxc5 e5 43. a4 h4 44. a5 Rg3+ 45. Kf2 Rxh3 46. a6
Rh2+ 47. Kg1 Ra2 48. a7 h3 49. Rc8+ Kg7 50. a8=Q Rg2+ 51. Kh1 Rc2 52. Rg8+ Kh6
53. Qf8+ Kh5 54. Qf7+ Kh4 55. Qh7# 1-0

[Event "DVM U16 2013"]
[Site "Lingen (Ems) GER"]
[Date "2013.12.28"]
[Round "3"]
[White "Walliser, Pascal"]
[Black "Uellner, Ferdinand"]
[Result "0-1"]
[Termination "normal"]
[Board "8.4"]
[WhiteElo "1450"]
[BlackElo "1246"]
[WhiteTeam "SK Sontheim/Brenz"]
[BlackTeam "Schachforum Darmstadt"]
[WhiteFideId "12983128"]
[BlackFideId "12983101"]
[EventCountry "GER"]
[EventRounds "7"]
[EventType "team-swiss"]
[EventDate "2013.12.26"]

1. e4 e5 2. Nf3 Nc6 3. d4 exd4 4. Bc4 Bc5 5. c3 Nf6 6. e5 d5 7. exf6 dxc4 8.
fxg7 Rg8 9. O-O Rxg7 10. cxd4 Nxd4 11. Nxd4 Qxd4 12. Qxd4 Bxd4 13. Re1+ Be6 14.
Nc3 O-O-O 15. Bf4 Rdg8 16. g3 Rg4 17. Re4 c5 18. Be3 Rxe4 19. Nxe4 Bxe3 20.
fxe3 b6 21. Rd1 a6 22. a4 Rd8 23. Rc1 Kc7 24. a5 Kc6 25. axb6 Kxb6 26. Nc3 Rd2
27. Rb1 Bf5 28. e4 Bg6 29. Kf1 Rxh2 30. b4 Rh1+ 31. Ke2 Rxb1 32. bxc5+ Kxc5 33.
Nxb1 Bxe4 34. Nc3 Bc6 35. g4 Kd4 36. Na2 a5 37. Kd2 h6 38. Nc3 Bf3 39. Nb5+ Kc5
40. Nc3 Bxg4 41. Ne4+ Kd4 42. Nc3 h5 43. Nb5+ Kc5 44. Nc3 h4 45. Ne4+ Kd4 46.
Nf2 Bf5 47. Nd1 h3 48. Ne3 Be4 49. Nf1 a4 50. Kc1 a3 51. Nh2 c3 52. Nf1 a2 53.
Nd2 a1=Q+ 54. Nb1 Qxb1# 0-1